<?xml version="1.0" encoding="UTF-8"?>
<record
    xmlns:xsi="http://www.w3.org/2001/XMLSchema-instance"
    xsi:schemaLocation="http://www.loc.gov/MARC21/slim http://www.loc.gov/standards/marcxml/schema/MARC21slim.xsd"
    xmlns="http://www.loc.gov/MARC21/slim">

  <leader>04055cam a22001814a 4500</leader>
  <datafield tag="999" ind1=" " ind2=" ">
    <subfield code="c">2288</subfield>
    <subfield code="d">2288</subfield>
  </datafield>
  <datafield tag="020" ind1=" " ind2=" ">
    <subfield code="a">0205287417</subfield>
  </datafield>
  <datafield tag="020" ind1=" " ind2=" ">
    <subfield code="a">9780205287413</subfield>
  </datafield>
  <datafield tag="050" ind1="0" ind2="0">
    <subfield code="a">HV11</subfield>
    <subfield code="b">.C788 </subfield>
  </datafield>
  <datafield tag="100" ind1="1" ind2=" ">
    <subfield code="a">Cournoyer, David E.</subfield>
  </datafield>
  <datafield tag="245" ind1="1" ind2="0">
    <subfield code="a">Research methods for social work /</subfield>
    <subfield code="c">David E. Cournoyer, Waldo C. Klein.</subfield>
  </datafield>
  <datafield tag="260" ind1=" " ind2=" ">
    <subfield code="a">Boston :</subfield>
    <subfield code="b">Allyn and Bacon,</subfield>
    <subfield code="c">c2000.</subfield>
  </datafield>
  <datafield tag="300" ind1=" " ind2=" ">
    <subfield code="a">xiv, 274 p. :</subfield>
    <subfield code="b">ill. ;</subfield>
    <subfield code="c">25 cm.</subfield>
  </datafield>
  <datafield tag="500" ind1=" " ind2=" ">
    <subfield code="a">Includes bibliographical references and index</subfield>
  </datafield>
  <datafield tag="505" ind1=" " ind2=" ">
    <subfield code="a">Most chapters include "Introduction," "Key Terms and Concepts," and "Summary." 1.Scientific Reasoning and Critical Thinking. Relationship of This Chapter to the Goals of the Book.Application of This Chapter to the Roles of Social Workers.Learning Objectives.Epistemology.The Nature of Science.Critical Thinking.Sociocultural Forces at Work: Paradigm Shifts.2.Ethics in Social Work Research. Relationship of This Chapter to the Whole.Ethics in the Larger Society.Ethics in Professional Social Work.Ethics in Social Work Research.Learning Objectives.Equitable Selection of Subjects.Informed Consent.Voluntary Participation.Privacy and Confidentiality.Reasonable Risk/Harm to Subjects.Withholding Treatment.Deception and Debriefing.Data Monitoring.Reporting Research.Sources of Ethical Guidance.NASW Code of Ethics.Code of Federal Regulations.Consultation.Special Guidelines in Single-System Designs.Sources of Ethical Conflict.Agency-Worker-Client Differences.Desire for "Confirmation" (Preordained Outcomes).Funding (Whose Priorities? What Pressures?).3.Formulation of Research Questions. Relationship of This Chapter to the Whole.Relevance to the Roles of Social Workers.Learning Objectives.Researchable (Empirical) and Nonempirical Questions.Characteristics of Scientifically Useful Questions.Sociocultural Origins of Research Questions.Question Formulation for Student Projects.4.Measurement. Relationship of This Chapter to the Whole.Relationship of This Chapter to the Roles of Social Workers.Learning Objectives.Measurement and Limitations of Human Perception and Cognition.Conceptualization: Development of Meaning Systems.Operationalization.Desirable Characteristics of Measures - Reliability and Validity.5.Research Designs. Relationship of This Chapter to the Whole.Relevance to the Roles of Social Workers.Learning Objectives.The Nature of Research Designs.Designs to Support Explanatory Inference.Designs to Support Predictive Inference.Designs to Support Descriptive Inference.6.Sampling and Generalization. Relationship of This Chapter to the Whole.Application of This Chapter to Roles of Social Workers.Learning Objectives.The Act of Sampling.The Vocabulary of Sampling.Nonprobability Sampling.Techniques of Probability Sampling.Setting Probability Sample Size Targets.7.Data Collection. Relationship of This Chapter to the Whole.Relevance to the Roles of Social Workers.Learning Objectives.Data Collection Procedures.Social Settings in Which Data Are Collected.Examples of Flexible-Response Data Collection Procedures.Examples of Fixed-Response Data Collection Procedures.8.Analysis of Numerical Data. Relationship of This Chapter to the Whole.Application to the Roles of Social Workers.Learning Objectives.Purposes of Data Analysis.Data Reduction.Pattern Identification.Generalizing from Samples to Populations.Issues in Hypothesis Testing.9.Analysis of Nonnumerical Data. Relationship of This Chapter to the Whole.Applications of This Chapter to the Roles of Social Workers.Learning Objectives.Relationship between Numerical and Nonnumerical Data Analysis.Nonnumerical Data Reduction: Spradley's DRS System.Testing for Generalization.10.Practice Evaluation in Single and Multiple Systems. Relationship of This Chapter to the Whole.Application of This Chapter to the Roles of Social Workers.Learning Objectives.General Issues in Evaluation Research.Practice Evaluation in Single Systems.Practice Evaluation across Multiple Systems.Appendix: Table of Random Numbers. Glossary. References. Index.</subfield>
  </datafield>
  <datafield tag="650" ind1=" " ind2="0">
    <subfield code="a">Social service</subfield>
    <subfield code="x">Research</subfield>
    <subfield code="x">Methodology.</subfield>
  </datafield>
  <datafield tag="700" ind1="1" ind2=" ">
    <subfield code="a">Klein, Waldo C.</subfield>
  </datafield>
  <datafield tag="942" ind1=" " ind2=" ">
    <subfield code="c">BK</subfield>
  </datafield>
  <datafield tag="952" ind1=" " ind2=" ">
    <subfield code="0">0</subfield>
    <subfield code="1">0</subfield>
    <subfield code="4">0</subfield>
    <subfield code="7">0</subfield>
    <subfield code="8">REF</subfield>
    <subfield code="a">MUCGM</subfield>
    <subfield code="b">MUCGM</subfield>
    <subfield code="c">GEN</subfield>
    <subfield code="d">0000-00-00</subfield>
    <subfield code="l">0</subfield>
    <subfield code="o">HV11 .C788</subfield>
    <subfield code="p">4070</subfield>
    <subfield code="r">2018-02-07 00:00:00</subfield>
    <subfield code="t">1</subfield>
    <subfield code="w">2018-02-07</subfield>
    <subfield code="y">BK</subfield>
  </datafield>
</record>
